Clint Eastwood - Sudden Death - Statistics

General Stats
  • This quiz has been taken 295 times
  • The average score is 8 of 18
Answers on the Grid
Answers color-coded by a green-red scale on the quiz's grid according to % correct below.
Sudden Impact
Firefox
The Guns of Navarone
In The Line of Fire
Where Eagles Dare
Inglorious Basterds
Play Misty for Me
Gorillas in the Mist
Any Which Way You Can
Contraband
Once Upon a Time in the West
For a Few Dollars More
Trouble with the Curve
Django Unchained
Tequila Sunrise
Space Cowboys
Silverado
Absolute Power
The Core
Unforgiven
The Mule
True Grit
Rain Man
Heartbreak Ridge
Pale Rider
The Outlaw Josie Wales
The Searchers
Escape From Alcatraz
The Rookie
Million Dollar Baby
 
Answer Stats
Answer % Correct
For a Few Dollars More
70%
Million Dollar Baby
67%
Unforgiven
63%
In The Line of Fire
57%
Sudden Impact
55%
Escape From Alcatraz
54%
The Mule
51%
Play Misty for Me
50%
Pale Rider
45%
The Outlaw Josie Wales
45%
Space Cowboys
44%
Any Which Way You Can
43%
Heartbreak Ridge
42%
Where Eagles Dare
39%
Firefox
35%
Absolute Power
30%
Trouble with the Curve
27%
The Rookie
26%
No matching quizzes found
Score Distribution
Percent of People with Each Score
Percentile by Number Answered
Your Score History
You have not taken this quiz